Иммунотропные свойства кукурбит(n)урилов (n=6,7,8); Перспективы развития фундаментальных наук; Т. 4 : Биология и фундаментальная медицина
| Parent link: | Перспективы развития фундаментальных наук=Prospects of Fundamental Sciences Development: сборник научных трудов XV Международной конференции студентов, аспирантов и молодых ученых, г. Томск, 24-27 апреля 2018 г./ Национальный исследовательский Томский политехнический университет (ТПУ) ; под ред. И. А. Курзиной, Г. А. Вороновой.— , 2018 Т. 4 : Биология и фундаментальная медицина.— 2018.— [С. 39-41] |
|---|---|
| Main Author: | |
| Corporate Author: | |
| Other Authors: | , , |
| Summary: | Заглавие с экрана Considerable interest of the medical community is directed to the research of new means of drug delivery, including nanoscale molecular containers - cucurbit[n]urils. An obligatory stage in the development of new drugs is the study of their safety, in particular concerning the immune system. In this article, we studied the immunomodulating properties of cucurbiturils, especially the cytotoxic and cytostatic effects of cucurbiturils on mononuclear cells of peripheral blood. |
| Language: | Russian |
| Published: |
2018
|
| Subjects: | |
| Online Access: | http://earchive.tpu.ru/handle/11683/50875 |
| Format: | Electronic Book Chapter |
| KOHA link: | https://koha.lib.tpu.ru/cgi-bin/koha/opac-detail.pl?biblionumber=627642 |
MARC
| LEADER | 00000naa2a2200000 4500 | ||
|---|---|---|---|
| 001 | 627642 | ||
| 005 | 20231101133454.0 | ||
| 035 | |a (RuTPU)RU\TPU\conf\27587 | ||
| 035 | |a RU\TPU\conf\27583 | ||
| 090 | |a 627642 | ||
| 100 | |a 20180918d2018 k y0rusy50 ca | ||
| 101 | 0 | |a rus |d eng | |
| 102 | |a RU | ||
| 105 | |a y z 100zy | ||
| 135 | |a drgn ---uucaa | ||
| 181 | 0 | |a i | |
| 182 | 0 | |a b | |
| 200 | 1 | |a Иммунотропные свойства кукурбит(n)урилов (n=6,7,8) |d Immunotropic properties of cucurbit(n)urils (n=6,7,8) |f А. А. Ермаков, А. А. Актанова, Е. А. Пашкина |g науч. рук. В. А. Козлов | |
| 203 | |a Текст |c электронный | ||
| 230 | |a 1 компьютерный файл (pdf; 178 Kb) | ||
| 300 | |a Заглавие с экрана | ||
| 320 | |a [Библиогр.: с. 41 (5 назв.)] | ||
| 330 | |a Considerable interest of the medical community is directed to the research of new means of drug delivery, including nanoscale molecular containers - cucurbit[n]urils. An obligatory stage in the development of new drugs is the study of their safety, in particular concerning the immune system. In this article, we studied the immunomodulating properties of cucurbiturils, especially the cytotoxic and cytostatic effects of cucurbiturils on mononuclear cells of peripheral blood. | ||
| 461 | 1 | |0 (RuTPU)RU\TPU\conf\26928 |t Перспективы развития фундаментальных наук |l Prospects of Fundamental Sciences Development |o сборник научных трудов XV Международной конференции студентов, аспирантов и молодых ученых, г. Томск, 24-27 апреля 2018 г. |o в 7 т. |f Национальный исследовательский Томский политехнический университет (ТПУ) ; под ред. И. А. Курзиной, Г. А. Вороновой |d 2018 | |
| 463 | 1 | |0 (RuTPU)RU\TPU\conf\26932 |t Т. 4 : Биология и фундаментальная медицина |v [С. 39-41] |d 2018 | |
| 510 | 1 | |a Immunotropic properties of cucurbit(n)urils (n=6,7,8) |z eng | |
| 610 | 1 | |a электронный ресурс | |
| 610 | 1 | |a иммунотропные свойства | |
| 610 | 1 | |a доставка | |
| 610 | 1 | |a лекарства | |
| 610 | 1 | |a наномедицина | |
| 610 | 1 | |a наночастицы | |
| 610 | 1 | |a цитотоксичность | |
| 610 | 1 | |a имунная система | |
| 700 | 1 | |a Ермаков |b А. А. | |
| 701 | 1 | |a Актанова |b А. А. | |
| 701 | 1 | |a Пашкина |b Е. А. | |
| 702 | 1 | |a Козлов |b В. А. |4 727 | |
| 712 | 0 | 2 | |a Новосибирский государственный медицинский университет (НГМУ) |c (2005- ) |2 stltpush |3 (RuTPU)RU\TPU\col\18915 |
| 801 | 2 | |a RU |b 63413507 |c 20181008 |g RCR | |
| 856 | 4 | |u http://earchive.tpu.ru/handle/11683/50875 | |
| 942 | |c BK | ||